Country sales hit by virus (Record no. 66402)

MARC details
000 -LEADER
fixed length control field 00714cam a2200217 4500
001 - CONTROL NUMBER
control field WB3711-37
008 - FIXED-LENGTH DATA ELEMENTS--GENERAL INFORMATION
fixed length control field 000000n2001 000 0 eng u
035 ## - SYSTEM CONTROL NUMBER
System control number (Sirsi) u111445
245 ## - TITLE STATEMENT
Title Country sales hit by virus
260 ## - PUBLICATION, DISTRIBUTION, ETC.
Date of publication, distribution, etc. 2001
490 ## - SERIES STATEMENT
Series statement Times
Volume/sequential designation 14 March 2001, 24(1)
490 ## - SERIES STATEMENT
Series statement Estates Gazette
Volume/sequential designation (0111) 17 March 2001, 133(1)
490 ## - SERIES STATEMENT
Series statement Financial Times
Volume/sequential designation Weekend 17-18 March 2001, XXII(2)
520 ## - SUMMARY, ETC.
Summary, etc. The foot and mouth outbreak is keeping buyers away from rural property and major estates and farms are being withdrawn from the market.
590 ## - LOCAL NOTE (RLIN)
Local note WB
650 ## - SUBJECT ADDED ENTRY--TOPICAL TERM
Topical term or geographic name entry element RURAL PROPERTY
650 ## - SUBJECT ADDED ENTRY--TOPICAL TERM
Topical term or geographic name entry element PROPERTY SALES
650 ## - SUBJECT ADDED ENTRY--TOPICAL TERM
Topical term or geographic name entry element RURAL REGENERATION
690 ## - LOCAL SUBJECT ADDED ENTRY--TOPICAL TERM (OCLC, RLIN)
Topical term or geographic name as entry element Rural
9 (RLIN) 6268
942 ## - ADDED ENTRY ELEMENTS (KOHA)
Suppress in OPAC 0
Holdings
Withdrawn status Lost status Source of classification or shelving scheme Damaged status Not for loan Home library Current library Shelving location Date acquired Total Checkouts Full call number Barcode Date last seen Copy number Price effective from Koha item type
    Dewey Decimal Classification     London London News article 15/03/2001   WB3711-37 111445-1001 06/08/2019 1 06/08/2019 News article